A history of art in Africa / (Record no. 131341)

MARC details
000 -LEADER
fixed length control field 00824cam a2200253 a 4500
008 - FIXED-LENGTH DATA ELEMENTS--GENERAL INFORMATION
fixed length control field
020 ## - INTERNATIONAL STANDARD BOOK NUMBER
International Standard Book Number 0134421876 (pbk.)
049 ## - LOCAL HOLDINGS (OCLC)
Holding library MAIN
090 ## - LOCALLY ASSIGNED LC-TYPE CALL NUMBER (OCLC); LOCAL CALL NUMBER (RLIN)
Classification number (OCLC) (R) ; Classification number, CALL (RLIN) (NR) N7380
Local cutter number (OCLC) ; Book number/undivided call number, CALL (RLIN) HIS
003 - CONTROL NUMBER IDENTIFIER
control field
005 - DATE AND TIME OF LATEST TRANSACTION
control field 20230123122314.0
040 ## - CATALOGING SOURCE
Transcribing agency NUST
245 02 - TITLE STATEMENT
Title A history of art in Africa /
Statement of responsibility, etc. Monica Blackmun Vison�a ... [et al.] ; introduction by Suzanne Preston Blier ; preface by Rowland Abiodun.
260 ## - PUBLICATION, DISTRIBUTION, ETC.
Place of publication, distribution, etc. New York :
Name of publisher, distributor, etc. Harry N. Abrams,
Date of publication, distribution, etc. 2001.
300 ## - PHYSICAL DESCRIPTION
Extent 544 p. :
Other physical details ill. (some col.), col. maps ;
Dimensions 29 cm.
504 ## - BIBLIOGRAPHY, ETC. NOTE
Bibliography, etc. note Includes bibliographical references.
500 ## - GENERAL NOTE
General note Includes Index.
650 #0 - SUBJECT ADDED ENTRY--TOPICAL TERM
Topical term or geographic name entry element Art, African.
700 ## - ADDED ENTRY--PERSONAL NAME
Personal name Harris, Michael D.
700 ## - ADDED ENTRY--PERSONAL NAME
Personal name Cole, Hebert M.
700 ## - ADDED ENTRY--PERSONAL NAME
Personal name Poynor, Robin.
907 ## - LOCAL DATA ELEMENT G, LDG (RLIN)
a .b10386026
b 25-10-17
c 17-10-17
942 ## - ADDED ENTRY ELEMENTS (KOHA)
Koha item type Ordinary Loan Books
Call number prefix N7380
Call number suffix HIS
Holdings
Date last seen Total Checkouts Full call number Barcode Cost, replacement price Price effective from Koha item type Lost status Source of classification or shelving scheme Damaged status Not for loan Collection Withdrawn status Home library Current library Shelving location Date acquired Cost, normal purchase price
01/23/2023 2 N7380 BLA 92004043606 80.00 01/23/2023 BOOKS   LCC     NFIC   MAIN MAIN GEN 01/23/2023 80.00